000 00430pab a2200169 454500
008 180718b2014 xxu||||| |||| 00| 0 eng d
100 _aNelson, Matthew
245 _aSocial, religious and political change in Pakistan
260 _c2014
300 _ap.20-23.
362 _aDec
650 _aPakistan - Politics and government
650 _aPolitics and government
773 _aSeminar
908 _aN
909 _a106280
999 _c106275
_d106275